000 00655nam a2200253Ia 4500
001 11571
005 20240113235317.0
007 ta
008 050812s1973 a g b000 u asm u
020 _cHB
040 _aCotton College,Assam
041 _aasm
082 _a891.41
_bB 35 O
100 _aBarkataki, Upendra .
245 0 _aO Mor Asami Ai /
_cUpendra Barkataki.
_hTextual Documents
250 _a1st ed. /
260 _aGuwahati :
_bGuwahati Book Stall ,
_c1973.
300 _a150p. :
_bill. ;
_c22cm .
653 _aAssamese Literature
653 _aG-Assamese
942 _2ddc
_cBK
999 _c11558
_d11558